Titres de chansons de France Gall - Clic Quiz - Statistiques

Statistiques générales
  • Ce quiz a été pris 263 fois
  • Le résultat moyen est 18 sur 20
Statistiques - réponses
Hint Réponse % Correct
Il jouait du piano Debout
100%
Ella, elle L'a
99%
Poupée de cire, poupée de Son
99%
La déclaration D'amour
98%
Si maman Si
98%
Viens je T'emmène
98%
Sacré Charlemagne
97%
Comment lui Dire
97%
Diego libre dans sa Tête
97%
Tout pour la Musique
96%
Ca balance pas mal à Paris
95%
Les Sucettes
95%
Laisse tomber les Filles
94%
Quand on n'a plus rien à Perdre
94%
Donner pour Donner
91%
La chanson D'Azima
89%
Samba Mambo
87%
Cézanne Peint
78%
Bébé Requin
71%
Hong Kong Star
71%
Aucun quiz correspondant
Distribution des résultats
% des personnes avec chaque résultat
Percentile par nombre de réponses
Votre historique - résultats
Vous n’avez pas pris ce quiz